000
00202 a2200097 4500
001
45834
100
_a
Hawkey D
245
_a
Starting squash
260
_a
London
_b
Ward lock
_c
090
_c
28944
_d
28944
942
_a
NUST-CAE
_c
M
_c
21051
999
_c
280907
_d
280907